000 04610nab a2200301 i 4500
003 BR-BrBNA
005 20250806173625.0
008 250806b2020 bl.ar|pooa||| 00| 0 eng |
040 _aBR-BrBNA
_beng
072 _aF50
100 _aMoura, Cristiane Coelho de
100 _aCosta, Thaís Ribeiro
100 _aCarvalho, Letícia Renata
100 _aTiton, Miranda
100 _aPereira, Israel Marinho
100 _aMachado, Evandro Luiz Mendonça
245 _aMorpho-physiological classification of seeds and morphology of fruits and seedlings of Richeria grandis
500 _aPublicação on-line; Bibliography p. 13-15 (67 ref.); 2 tables; 5 illus.; Summaries (En, Pt)
520 _a Abstract The objective was to describe and characterize the fruit morphology, seeds, seedlings and germination of Richeria grandis. Mature fruits were collected from matrix trees located in gallery forests. After, morphological descriptions were performed. Biometric measurement of fruits and seeds were carried out. A total of 650 seeds were randomly separated, with 20% being used for germination and humidity testing on the same day of collection and the others stored for 5, 10, 15 and 20 days. The germination test was performed in a gerbox, conducted in a laboratory chamber of the type B.O.D (biochemical oxygen demand) with a photoperiod of 12h and a temperature of 25 ºC ± 1 ºC. Periodic observations were made to monitor the development of the seedlings until the first germinated seeds reached the full seedling stage. The fruit of R. grandis is a simple, dry, capsule type septifraga, dehiscent and schizocarpic, with average length of 16.24 mm and an average width of 8.57 mm. The seed is an ellipsoid shape, containing a sarcotesta and has an average length of 7.40 mm and an average width of 4.57 mm. R. grandis presents recalcitrant seeds, which emerge in a Phanero-epigene-foliaceous manner. The radicle breaks the integument on the second day after sowing, the collection is evidenced on the 10th day, separating the primary root from the hypocotyl. At day 16, the cotyledons expand from the forehead, positioned at a 90º angle to the hypocotyl. The protophyll and the epicotyl appear only after the 50th day, characterizing the complete seedling. Key words: gallery forests, germination, in situ conservation, morphofunctional ecology, recalcitrant. Resumo Objetivou-se descrever e caracterizar a morfologia de frutos, sementes, plântulas, e germinação de Richeria grandis. Frutos maduros foram coletados de árvores-matrizes localizadas em matas de galeria e, posteriormente, foram realizadas descrições morfológicas. Procedeu-se a mensuração biométrica dos frutos e sementes. Ainda, após beneficiamento, foram separados de forma aleatória, 650 sementes, em que 20% foram utilizadas para germinação e teste de umidade no mesmo dia da coleta e as outras, armazenadas durante 5, 10, 15 e 20 dias. O teste de germinação foi realizado em gerbox, feito em câmeras do tipo B.O.D. com um fotoperíodo de 12 h e temperatura de 25 ºC ± 1 ºC. Realizou-se observações periódicas para o acompanhamento do desenvolvimento das plântulas até que as primeiras sementes germinadas atingissem o estádio de plântula completa. O fruto da R. grandis é simples, seco, do tipo cápsula septífraga, deiscentes e esquizocarpos, com comprimento médio de 16,24 mm e largura média de 8,57 mm. A semente é elipsoide com presença de sarcotesta, com comprimento médio de 7,40 mm e largura média de 4,57 mm. A R. grandis apresenta sementes recalcitrantes. A emergência é do tipo Fanero-epígeo-foliáceo. A radícula rompe o tegumento no segundo dia após a semeadura, o coleto é evidenciado ao 10o dia, separando a raiz primária do hipocótilo. A partir do 16o dia, os cotilédones expandem-se da testa, posicionados em um ângulo de 90º em relação ao hipocótilo. O protófilo e o epicótilo surgem somente após o 50o dia, caracterizando a plântula completa. Palavras-chave: florestas de galeria, germinação, conservação in situ, ecologia morfofuncional, recalcitrante.
650 _aFLORESTA
650 _aGERMINAÇÃO
650 _aCONSERVAÇÃO
650 _aECOLOGIA
773 0 _0709
_9353216
_dRio de Janeiro-RJ Jardim Botanico do Rio de Janeiro 1935
_o2025-4473
_tRodriguésia (Brazil)
_x0370-6583; 2175-7860 on-line
_gv. 71 p. 1-15; (2020)
_wBR2025003256
856 _uhttps://www.scielo.br/j/rod/a/wQkjwqWhFtgymmmDqHxFr4r/?format=pdf&lang=en
942 _cANA
999 _c337491
_d337491